Petición para que esta mujer casada entre como religiosa, con las causas que hay para ello

Detalles Bibliográficos
Otros Autores: Ana Toro del Castillo, Diego de Lazaro
Formato: Libro
Publicado: s.l., s.f.
Materias:
Colección:Banco de datos
Acervo:Biblioteca Palafoxiana. Colección de Manuscritos
Descripción Física:1 f. ; 21 x 30 cm.
Tema general:Eclesiástica
LEADER 00470nam a22001570004500
035 |a 1408 
245 1 0 |a  Petición para que esta mujer casada entre como religiosa, con las causas que hay para ello 
260 |a s.l., s.f. 
300 |a 1 f. ; 21 x 30 cm.  
650 1 0 |a Eclesiástica 
700 1 |a Ana Toro del Castillo 
700 1 |a Diego de Lazaro 
949 |a 32280/163 
942 |c PALAMANU 
943 |g Biblioteca Palafoxiana. Colección de Manuscritos 
999 |c 1069353  |d 1069353